| 000 | 01300cam a22003135a 4500 | ||
|---|---|---|---|
| 001 | L146494 | ||
| 002 | 17319 | ||
| 008 | 090127s2008 xxka f 000 0 eng d | ||
| 020 | _a9780727734822 | ||
| 035 | _a(Sirsi) u146494 | ||
| 041 | 0 | _aeng | |
| 050 | 0 | 4 | _a333.73 $2 18 |
| 100 | 1 | _aStrange, Jo | |
| 245 | 0 | 0 |
_aContaminated land _binvestigation, assessment and remediation |
| 250 | _a2nd ed. | ||
| 260 |
_aLondon _bThomas Telford _c2008 |
||
| 300 |
_a91p. _bill. _c30cm. |
||
| 350 | _a35 | ||
| 490 | 0 | _aICE Design and Practice Guide | |
| 505 | 2 | _aInvestigation and assessment: introduction; the risk management framework; site investigation and risk management -- Remediation: remediation as part of risk management; remediation options; remedy selection; design and implementation -- Appendices -- References | |
| 520 | _aOffers guidance on the assessment and remediation of contaminated land within a risk management framework. Emphasises the need for a multi-disciplinary approach and the use of appropriately experienced specialists. | ||
| 520 | _aSupersedes first edition (ISBN 0727720163). | ||
| 521 | _aAdvanced | ||
| 590 | _aKA | ||
| 651 | 4 |
_aUnited Kingdom _y |
|
| 690 | _aPROPERTY-RURAL AND NATURAL ASSETS-LAND-CONTAMINATED LAND | ||
| 700 | 1 | _aLangdon, Nick | |
| 942 | _n0 | ||
| 999 |
_c109197 _d109197 |
||